000 00555nam a22001937a 4500
003 KOHA_MİRAKIL
005 20251218105153.0
008 251218b tu ||||| |||| 00| 0 tur d
020 _a9786054996032
040 _aTR-AnABB
_btur
_cTR-AnABB
041 _atur
082 _a720.9561015
_bKAH 2012
100 1 _aAdanır, Fatih,
245 1 0 _aKahramanmaraş çarşıları /
_cFatih Adanır
260 _aKahramanmaraş :
_bKahramanmaraş Belediyesi,
_c2012
300 _a123 sayfa ;
_c23 cm
650 0 4 _aOsmanlı mimarisi
942 _2ddc
_cBK
999 _c9764
_d9764
900 _bGizem YORULMAZ